| 000 | 00708nam a2200217 a 4500 | ||
|---|---|---|---|
| 005 | 20210223130650.0 | ||
| 008 | 080930s1979 mx r 000 0 spa d | ||
| 035 | _aUPN01000161562 | ||
| 049 | _aUNE | ||
| 080 | _a372.3 (100) =40 SOM No.8. | ||
| 245 | 0 | 0 |
_aEducation prescolaire : _bquelques approches; un document de référence. |
| 260 |
_aParis : _bUNESCO; _aNew York : _bUNICEF; _aRome : _bPAM, _c1979. |
||
| 300 | _a21 p. | ||
| 440 | 0 |
_aNotes, Comments...; _v8. |
|
| 690 | _aEducacion preescolar- Participacion comunitaria | ||
| 690 | _aPrimera infancia- Educacion preescolar | ||
| 710 | 2 | _aUNESCO | |
| 710 | 2 |
_aUNICEF _924085 |
|
| 710 | 2 | _aWFP. Programa de Alimentación Mundial | |
| 905 | _aUNESCO | ||
| 999 |
_c133675 _d133675 |
||